[Event "Polofinale MCR junioru 2024"]
[Site "Hotel Fit Fun, Ryžovište 427, 512 46 Harrachov v Krkonoších"]
[Date "2024.11.09"]
[Round "1"]
[Board "1"]
[White "Bokhnak, Timofey"]
[Black "Stejskal, Michal"]
[Result "1-0"]
[WhiteElo "2274"]
[BlackElo "1957"]
[PlyCount "0"]
[EventDate "2024.11.09"]
[EventRounds "9"]
[EventCountry "CZE"]

1. e4 c6 2. d4 d5 3. exd5 cxd5 4. Bd3 Nc6 5. c3 Nf6 6. h3 g6 7. Qc2 Bg7 8. Nf3 Qc7
9. O-O O-O 10. Re1 Be6 11. Bg5 Rac8 12. Na3 Qd7 13. Qd2 Bf5 14. Ne5 Nxe5 15. dxe5
Bxd3 16. Qxd3 Ne8 17. Qe3 a6 18. Rad1 Nc7 19. Bh6 Rfd8 20. Rd4 Ne6 21. Bxg7 Nxg7
22. g4 Ne6 23. Rd2 Qa4 24. Red1 Qc6 25. Kh2 g5 26. Nc2 h6 27. Nb4 d4 28. Nxc6 dxe3
29. Rxd8+ Rxd8 30. Nxd8  1-0

[Event "Polofinale MCR junioru 2024"]
[Site "Hotel Fit Fun, Ryžovište 427, 512 46 Harrachov v Krkonoších"]
[Date "2024.11.09"]
[Round "1"]
[Board "2"]
[White "Tegda, Vojtech"]
[Black "Vojta, Jakub"]
[Result "0-1"]
[WhiteElo "1953"]
[BlackElo "2264"]
[PlyCount "0"]
[EventDate "2024.11.09"]
[EventRounds "9"]
[EventCountry "CZE"]

1. e4 c5 2. c4 Nc6 3. Ne2 g6 4. d4 cxd4 5. Nxd4 Bg7 6. Be3 Nf6 7. Nc3 O-O 8. Be2
d6 9. f3 Bd7 10. Qd2 Nxd4 11. Bxd4 Bc6 12. O-O Nd7 13. Be3 a5 14. b3 Nc5 15. Rac1
Qb6 16. Rfd1 Rfc8 17. Nb1 h5 18. Bf1 Kh7 19. Kh1 Qb4 20. Qf2 Bf6 21. Kg1 Kg7 22.
Re1 Ne6 23. Be2 Kg8 24. Bd1 Bd4 25. Bxd4 Nxd4 26. a3 Qc5 27. Nc3 Qxa3 28. Rb1 Qc5
29. Nd5 Bxd5 30. exd5 Rc7 31. g4 hxg4 32. fxg4 a4 33. Re4 Nxb3 34. Bxb3 Qxf2+ 35.
Kxf2 axb3 36. Rxb3 Ra4 37. Kf3 g5 38. Kg3 Raxc4 39. Rxc4 Rxc4 40. Rxb7 Kf8 41. Rb5
Kg7 42. Rb7 Kf6 43. Rb3 Ke5 44. Re3+ Re4 45. Rd3 Re2 46. h4 Ke4 47. Ra3 gxh4+ 48.
Kxh4 Kxd5 49. Rf3 f6  0-1

[Event "Polofinale MCR junioru 2024"]
[Site "Hotel Fit Fun, Ryžovište 427, 512 46 Harrachov v Krkonoších"]
[Date "2024.11.09"]
[Round "1"]
[Board "3"]
[White "Paseka, Matyáš"]
[Black "Steinbauer, Sebastián"]
[Result "1-0"]
[WhiteElo "2254"]
[BlackElo "1951"]
[PlyCount "0"]
[EventDate "2024.11.09"]
[EventRounds "9"]
[EventCountry "CZE"]

1. e4 e5 2. Nf3 Nc6 3. Bb5 Nf6 4. d3 Bc5 5. Bxc6 dxc6 6. h3 h6 7. O-O Qe7 8. b3 g5
9. Bb2 g4 10. Nxe5 gxh3 11. g3 Rg8 12. d4 Bd6 13. Nd2 Bxe5 14. dxe5 Ng4 15. Nf3 Bd7
16. Qd2 O-O-O 17. Qf4 c5 18. Nh4 Rde8 19. Nf5 Qg5 20. Kh1 b6 21. Rae1 Qxf4 22. gxf4
h5 23. Nh4 Nh6 24. f3 c4 25. Rg1 cxb3 26. axb3 a5 27. Rg5 Rxg5 28. fxg5 Ng8 29. f4
Ne7 30. f5 Nc6 31. e6 fxe6 32. f6 Nd8 33. g6 Rf8 34. f7 Nxf7 35. Bg7  1-0

[Event "Polofinale MCR junioru 2024"]
[Site "Hotel Fit Fun, Ryžovište 427, 512 46 Harrachov v Krkonoších"]
[Date "2024.11.09"]
[Round "1"]
[Board "4"]
[White "Garabik, Marek"]
[Black "Skýpala, Ondrej"]
[Result "1-0"]
[WhiteElo "1939"]
[BlackElo "2232"]
[PlyCount "0"]
[EventDate "2024.11.09"]
[EventRounds "9"]
[EventCountry "CZE"]

1. e4 e6 2. d4 d5 3. Bd3 c5 4. exd5 exd5 5. c3 Nf6 6. Nf3 c4 7. Bc2 Bd6 8. Qe2+ Qe7
9. Qxe7+ Bxe7 10. Bf4 Nc6 11. Nbd2 b5 12. O-O O-O 13. Rfe1 h6 14. Ne5 Nxe5 15. Bxe5
Bg4 16. Nf1 Be6 17. Ne3 g6 18. f4 Ne8 19. f5 gxf5 20. Nxf5 Bxf5 21. Bxf5 Bd6 22.
Bd7 Bxe5 23. Rxe5 Nf6 24. Bc6 Rad8 25. Bxb5 Rb8 26. Bc6 Rxb2 27. Rf1 Kg7 28. Ref5
Ne4 29. Bxd5 Nxc3 30. Bxc4 Ne2+ 31. Bxe2 Rxe2 32. Ra5 Rd2 33. d5 Kg6 34. h3 f5 35.
Kh2 Re8 36. Ra6+ Kg5 37. h4+ Kxh4 38. Rxf5 Kg4 39. Rf3 Rxd5 40. Rxh6 Kg5 41. Rh7
Ra5 42. Rg7+ Kh6 43. Rg4 Kh5 44. Rfg3 Rxa2 45. Kh3  1-0

[Event "Polofinale MCR junioru 2024"]
[Site "Hotel Fit Fun, Ryžovište 427, 512 46 Harrachov v Krkonoších"]
[Date "2024.11.09"]
[Round "1"]
[Board "5"]
[White "Winter, Ondrej"]
[Black "Mrkvan, František"]
[Result "1-0"]
[WhiteElo "2230"]
[BlackElo "1932"]
[PlyCount "0"]
[EventDate "2024.11.09"]
[EventRounds "9"]
[EventCountry "CZE"]

1. e4 c6 2. Nc3 d5 3. Nf3 dxe4 4. Nxe4 Nf6 5. Qe2 Nxe4 6. Qxe4 Nd7 7. Bc4 Nf6 8.
Ne5 e6 9. Qe2 Bd6 10. O-O O-O 11. d4 Qc7 12. c3 Bd7 13. Rd1 Rfd8 14. Bg5 Be7 15.
Rd3 Be8 16. Rh3 Nd5 17. Bd2 Nf6 18. Bd3 g6 19. Bf4 Bd6 20. Bg5 Be7 21. Qd2 Nd5 22.
Bxe7 Qxe7 23. Qh6 f5 24. Re1 Rac8 25. Nf3 Nf6 26. Ng5 Rd6 27. Bc4 Bd7 28. Qh4 Re8
29. Re5 Bc8 30. Bb3 b5 31. a3 a5 32. f3 Bd7 33. g4 fxg4 34. fxg4 Qg7 35. Rhe3 Qe7
36. Nxe6 Bxe6 37. Rxe6 Rxe6 38. Rxe6 Qxe6 39. Bxe6+ Rxe6 40. Qg3 Nd5 41. h4 a4 42.
h5 g5 43. Qb8+ Kg7 44. Qb7+ Kg8 45. Qd7 Rf6 46. Kg2 Ne3+ 47. Kg3 Nd5 48. Qc8+ Kg7
49. Qb7+ Kg8 50. Qd7 Kh8 51. Qc8+ Kg7 52. Qe8 h6 53. Qd7+ Kg8 54. Qc8+ Kg7 55. Qb7+
Kg8 56. Qa8+ Kg7 57. c4 bxc4 58. Qxa4 c3 59. bxc3 Nxc3 60. Qc2 Nb5 61. Qc5  1-0

[Event "Polofinale MCR junioru 2024"]
[Site "Hotel Fit Fun, Ryžovište 427, 512 46 Harrachov v Krkonoších"]
[Date "2024.11.09"]
[Round "1"]
[Board "6"]
[White "Honcharov, Makar"]
[Black "Jirásko, Miroslav"]
[Result "0-1"]
[WhiteElo "1929"]
[BlackElo "2215"]
[PlyCount "0"]
[EventDate "2024.11.09"]
[EventRounds "9"]
[EventCountry "CZE"]

1. e4 c5 2. Nf3 Nc6 3. d4 cxd4 4. Nxd4 e5 5. Nb5 d6 6. N1c3 a6 7. Na3 Be7 8. Nd5
Nf6 9. Nxf6+ Bxf6 10. Nc4 O-O 11. Be3 Nd4 12. c3 b5 13. Nd2 Ne6 14. Be2 Bg5 15. Bxg5
Qxg5 16. g3 Bb7 17. Bf3 Rad8 18. Qe2 d5 19. exd5 Bxd5 20. Bxd5 Rxd5 21. Nf3 Qh5 22.
Nh4 Qg5 23. Nf3 Qg4 24. Nh4 Qh3 25. Qe4 Rfd8 26. Qf5 Qxf5 27. Nxf5 Rd2 28. Ne7+ Kf8
29. Nc6 R8d5 30. O-O Rc5 31. Na5 Rxb2 32. Rfc1 Ng5 33. Nb3 Rc4 34. Na5 Re4 35. Nc6
Nh3+ 36. Kg2 Nxf2 37. Kf3 g5 38. h3 h5 39. g4 hxg4+ 40. hxg4 Rf4+ 41. Kg3 Ne4+ 42.
Kh3 Rf3#  0-1

[Event "Polofinale MCR junioru 2024"]
[Site "Hotel Fit Fun, Ryžovište 427, 512 46 Harrachov v Krkonoších"]
[Date "2024.11.09"]
[Round "1"]
[Board "7"]
[White "Bezdek, Tomáš"]
[Black "Beneš, Jáchym"]
[Result "1-0"]
[WhiteElo "2215"]
[BlackElo "1916"]
[PlyCount "0"]
[EventDate "2024.11.09"]
[EventRounds "9"]
[EventCountry "CZE"]

1. e4 e6 2. d4 d5 3. e5 c5 4. c3 Nc6 5. Nf3 Qb6 6. Bd3 Bd7 7. dxc5 Bxc5 8. O-O a5
9. Nbd2 f6 10. Qe2 fxe5 11. Nxe5 Nxe5 12. Qxe5 Nf6 13. Nf3 O-O 14. Qe2 Ng4 15. Bxh7+
Kh8 16. Ne5 Rxf2 17. Rxf2 Bxf2+ 18. Kh1 Kxh7 19. Qxg4 Qb5 20. Qh5+ Kg8 21. Qf7+  1-0

[Event "Polofinale MCR junioru 2024"]
[Site "Hotel Fit Fun, Ryžovište 427, 512 46 Harrachov v Krkonoších"]
[Date "2024.11.09"]
[Round "1"]
[Board "8"]
[White "Buchta, Bartolomej"]
[Black "Mametev, Artem"]
[Result "1-0"]
[WhiteElo "1906"]
[BlackElo "2213"]
[PlyCount "0"]
[EventDate "2024.11.09"]
[EventRounds "9"]
[EventCountry "CZE"]

1. e4 c5 2. Nf3 d6 3. d4 cxd4 4. Nxd4 Nf6 5. Nc3 a6 6. h3 e5 7. Nde2 h5 8. g3 Be7
9. Bg2 b5 10. O-O Nbd7 11. Be3 Bb7 12. f4 Rc8 13. Nd5 Nxd5 14. exd5 Qc7 15. Rc1 Qb8
16. Nc3 Qa8 17. Ne4 f5 18. Ng5 Bxg5 19. fxg5 g6 20. g4 hxg4 21. hxg4 f4 22. Bf2 Rc4
23. Qd3 e4 24. Bxe4 Ne5 25. Bxg6+ Ke7 26. Rfe1 Bxd5 27. Rxe5+ dxe5 28. Bh5 Be4 29.
Qa3+ Ke6 30. g6 Bxg6 31. Rd1 Qc6 32. Bh4 b4 33. Qh3 Qe4 34. Bxg6 Rxh4 35. Bf5+ Kf7
36. Qxh4 Qe3+ 37. Qf2 Qxf2+ 38. Kxf2 e4 39. c3 bxc3 40. bxc3 Ra4 41. Ke1 Rc4 42.
Rd4 Rxc3 43. Rxe4 f3 44. Kf2 Ra3 45. Be6+ Kf6 46. Bb3  1-0

[Event "Polofinale MCR junioru 2024"]
[Site "Hotel Fit Fun, Ryžovište 427, 512 46 Harrachov v Krkonoších"]
[Date "2024.11.09"]
[Round "1"]
[Board "9"]
[White "Ocelák, Jakub"]
[Black "Nagyová, Daniela"]
[Result "1-0"]
[WhiteElo "2205"]
[BlackElo "1903"]
[PlyCount "0"]
[EventDate "2024.11.09"]
[EventRounds "9"]
[EventCountry "CZE"]

1. Nf3 c5 2. e4 d6 3. d4 cxd4 4. Nxd4 Nf6 5. Nc3 g6 6. Be3 Bg7 7. f3 O-O 8. Qd2 Nc6
9. g4 a6 10. h4 h5 11. g5 Ne8 12. O-O-O Nc7 13. Be2 Bd7 14. Nxc6 bxc6 15. Bd4 Bxd4
16. Qxd4 Nb5 17. Bxb5 axb5 18. e5 c5 19. Qf4 b4 20. Nd5 Rxa2 21. exd6 e6 22. Nf6+
Kg7 23. Qe5  1-0

[Event "Polofinale MCR junioru 2024"]
[Site "Hotel Fit Fun, Ryžovište 427, 512 46 Harrachov v Krkonoších"]
[Date "2024.11.09"]
[Round "1"]
[Board "10"]
[White "Jakubše, Tamae Severína"]
[Black "Soucek, Jan"]
[Result "0-1"]
[WhiteElo "1895"]
[BlackElo "2188"]
[PlyCount "0"]
[EventDate "2024.11.09"]
[EventRounds "9"]
[EventCountry "CZE"]

1. e4 c6 2. d4 d5 3. exd5 cxd5 4. c4 Nf6 5. Nc3 e6 6. Nf3 Bb4 7. cxd5 Nxd5 8. Bd2
Nc6 9. Bd3 O-O 10. O-O Be7 11. a3 Bf6 12. Qe1 Bxd4 13. Nxd4 Nxd4 14. Rd1 Nc6 15.
Ne4 h6 16. Bc1 Qh4 17. g3 Qh5 18. f4 e5 19. Be2 Qg6 20. Rxd5 Qxe4 21. Bf3 Qc4 22.
Qe4 Qxe4 23. Bxe4 f5 24. Bb1 e4 25. Rd6 Rd8 26. Ba2+ Kf8 27. Rfd1 Ke7 28. Rxd8 Nxd8
29. Bd2 a5 30. Bc3 Be6 31. Bxe6 Nxe6 32. Rd5 g6 33. Bxa5 Rc8 34. Bb4+ Ke8 35. Rd6
Rc6 36. Rxc6 bxc6 37. Bc3 Kd7 38. b4 Kd6 39. Kf2 Kd5 40. Ke3 Kc4 41. Bf6 Nc7 42.
Bg7 h5 43. Bf8 Kb3 44. Kd2 Nb5 45. a4 Kxa4 46. Kc2 Nc7 47. Kc3 Kb5 48. Bc5 Nd5+ 49.
Kb3 e3 50. Bd4 e2 51. Bf2 Ne3  0-1

[Event "Polofinale MCR junioru 2024"]
[Site "Hotel Fit Fun, Ryžovište 427, 512 46 Harrachov v Krkonoších"]
[Date "2024.11.09"]
[Round "1"]
[Board "11"]
[White "Jun, Rudolf"]
[Black "Šigut, Ondrej"]
[Result "1-0"]
[WhiteElo "2186"]
[BlackElo "1893"]
[PlyCount "0"]
[EventDate "2024.11.09"]
[EventRounds "9"]
[EventCountry "CZE"]

1. e4 e6 2. Qe2 c5 3. Nf3 Nc6 4. g3 Be7 5. Bg2 Nf6 6. O-O d5 7. d3 O-O 8. e5 Nd7
9. c4 Nb6 10. b3 f6 11. Bb2 f5 12. Rd1 d4 13. h4 Qc7 14. Na3 a6 15. Nc2 Nd7 16. Re1
Rb8 17. b4 b6 18. Rac1 Nd8 19. Ba3 Re8 20. Ng5 Bxg5 21. hxg5 Nf7 22. f4 Bb7 23. g4
fxg4 24. Qxg4 Bxg2 25. Qxg2 Nf8 26. Rb1 Ng6 27. Bc1 Nh4 28. Qe4 Nf5 29. Bd2 Nh8 30.
Rb3 Ng6 31. Reb1 cxb4 32. Nxb4 Ra8 33. Nc2 b5 34. Na3 bxc4 35. Nxc4 Ngh4 36. Rb7
Qc8 37. Be1 Qc5 38. Bxh4 Nxh4 39. Nd6 Red8 40. Rxg7+ Kxg7 41. Rb7+ Kf8 42. Rf7+ Kg8
43. Qxh7#  1-0

[Event "Polofinale MCR junioru 2024"]
[Site "Hotel Fit Fun, Ryžovište 427, 512 46 Harrachov v Krkonoších"]
[Date "2024.11.09"]
[Round "1"]
[Board "12"]
[White "Švadlenka, Dominik"]
[Black "Janouš, Marek"]
[Result "1/2-1/2"]
[WhiteElo "1893"]
[BlackElo "2177"]
[PlyCount "0"]
[EventDate "2024.11.09"]
[EventRounds "9"]
[EventCountry "CZE"]

1. d4 Nf6 2. c4 c5 3. d5 b5 4. cxb5 a6 5. bxa6 g6 6. Nc3 Bg7 7. e4 O-O 8. a7 Rxa7
9. Nf3 e6 10. Be2 exd5 11. exd5 d6 12. O-O Na6 13. Nd2 Nb4 14. Nc4 Rd7 15. a3 Na6
16. Bf4 Bb7 17. Qd2 Nc7 18. Ne3 Re8 19. Rfd1 Ne4 20. Qc2 Nxc3 21. bxc3 Qf6 22. Rab1
Ba8 23. Qa4 Rdd8 24. Bf3 Qxc3 25. h4 h6 26. Qa7 Qf6 27. Bg3 Qe7 28. Qb6 Bd4 29. Nc2
Bxd5 30. Nxd4 cxd4 31. Bxd5 Nxd5 32. Qxd4 Nf6 33. a4 Kg7 34. a5 Qe4 35. a6 Qxd4 36.
Rxd4 Ne4 37. Ra1 Nxg3 38. fxg3 Re7 39. Rad1 Re6 40. Rd5 Ra8 41. Rxd6 Rxa6 42. Rxa6
Rxa6 43. Rd7 Rf6 44. Kh2 Rf1 45. g4 Rf4 46. Kg3 Ra4 47. Rd3 Ra6 48. Rb3 Rc6 49. Rd3
Re6 50. Rb3 Re5 51. Ra3 h5 52. gxh5 Rxh5 53. Ra7 Rb5 54. Ra6 Rb3+ 55. Kf4 Rb4+ 56.
Kg3 f5 57. Kh3 Kh6 58. Ra3 Re4 59. Rb3 Re1 60. g3 Rh1+ 61. Kg2 Re1 62. Kh3 Rd1 63.
Ra3 Rd4 64. Rb3 Kh5 65. Ra3 g5 66. hxg5 Kxg5 67. Rb3 Re4 68. Ra3 Re5 69. Rb3 f4 70.
gxf4+  1/2-1/2

[Event "Polofinale MCR junioru 2024"]
[Site "Hotel Fit Fun, Ryžovište 427, 512 46 Harrachov v Krkonoších"]
[Date "2024.11.09"]
[Round "1"]
[Board "13"]
[White "Zezula, Jakub"]
[Black "Peroutka, Šimon"]
[Result "1-0"]
[WhiteElo "2163"]
[BlackElo "1892"]
[PlyCount "0"]
[EventDate "2024.11.09"]
[EventRounds "9"]
[EventCountry "CZE"]

1. e4 c5 2. Nf3 Nc6 3. Bb5 a6 4. Bxc6 bxc6 5. d4 cxd4 6. Qxd4 d6 7. O-O e5 8. Qc4
Qc7 9. Nc3 Be6 10. Qd3 h6 11. Re1 Nf6 12. a4 a5 13. b3 Be7 14. Ba3 O-O 15. Rad1 Rad8
16. h3 Nh5 17. Qd2 Nf4 18. Ne2 Nxe2+ 19. Qxe2 c5 20. c4 Qb7 21. Qc2 Rb8 22. Re3 g6
23. Bc1 Kg7 24. Bd2 Ra8 25. Bc3 Rfb8 26. Kh2 Kh7 27. Bd2 Ra6 28. Rc3 f5 29. exf5
Bxf5 30. Qc1 e4 31. g4 Be6 32. Re1 d5 33. cxd5 Qxd5 34. Bf4 Bd6 35. Ng1 Rf8 36. Bxd6
Rxd6 37. Qe3 Qe5+ 38. Kg2 Rd4 39. Rec1 Rf3 40. Nxf3 exf3+ 41. Kg1 Re4 42. Qxc5 Re1+
43. Rxe1 Qxe1+ 44. Kh2 Bd5 45. Qe3 Qe2 46. Rc7+ Kg8 47. Qd4 Bf7 48. Rc8+ Be8 49.
Kg3 Qe1 50. Qc4+ Kf8 51. Qc5+ Kg8 52. Qd5+ Kf8 53. Qd6+ Kg7 54. Qd4+ Kg8 55. Qd5+
Kf8 56. Qxf3+ Kg8 57. Kg2 Qe6 58. Qa8 Kf7 59. Rxe8  1-0

[Event "Polofinale MCR junioru 2024"]
[Site "Hotel Fit Fun, Ryžovište 427, 512 46 Harrachov v Krkonoších"]
[Date "2024.11.09"]
[Round "1"]
[Board "14"]
[White "Cervený, Vojtech"]
[Black "Václavík, Jan"]
[Result "0-1"]
[WhiteElo "1889"]
[BlackElo "2139"]
[PlyCount "0"]
[EventDate "2024.11.09"]
[EventRounds "9"]
[EventCountry "CZE"]

1. e4 c5 2. Nf3 d6 3. d4 cxd4 4. Nxd4 Nf6 5. Nc3 Nc6 6. Be2 Bd7 7. Be3 g6 8. O-O
Bg7 9. Qd2 O-O 10. Kh1 Ng4 11. Bxg4 Bxg4 12. f4 Bd7 13. Rad1 Rc8 14. Qf2 Na5 15.
Ndb5 Nc4 16. Bc1 a6 17. Nd4 b5 18. h3 b4 19. Nd5 a5 20. b3 Nb6 21. Nxb6 Qxb6 22.
Nf5 Qxf2 23. Nxe7+ Kh8 24. Rxf2 Rce8 25. Nd5 Rxe4 26. Nb6 Be6 27. Rfd2 Rxf4 28. Rxd6
Rf2 29. R6d2 Rxd2 30. Rxd2 Bc3 31. Rd6 Be5 32. Rd2 Bc3 33. Rd6 Kg7 34. Na4 Be5 35.
Rd2 Rc8 36. Bb2 Bxb2 37. Nxb2 Rc5 38. Kg1 h5 39. Nd3 Rc3 40. Kf2 Bf5 41. h4 Kf6 42.
Ke3 g5 43. hxg5+ Kxg5 44. Kd4 h4 45. a3 Bxd3 46. axb4 Rxc2 47. Kxd3 Rxd2+ 48. Kxd2
axb4 49. Kd3 Kf4  0-1

[Event "Polofinale MCR junioru 2024"]
[Site "Hotel Fit Fun, Ryžovište 427, 512 46 Harrachov v Krkonoších"]
[Date "2024.11.09"]
[Round "1"]
[Board "15"]
[White "Šetina, Václav"]
[Black "Nešpurek, Jakub"]
[Result "1/2-1/2"]
[WhiteElo "2128"]
[BlackElo "1879"]
[PlyCount "0"]
[EventDate "2024.11.09"]
[EventRounds "9"]
[EventCountry "CZE"]

1. e4 e5 2. Nf3 Nf6 3. Nxe5 d6 4. Nf3 Nxe4 5. Bd3 d5 6. O-O Bc5 7. Qe2 Qe7 8. b4
Bxb4 9. Re1 Nf6 10. Qxe7+ Bxe7 11. Ba3 Be6 12. Nd4 Bxa3 13. Nxa3 Kd7 14. Rab1 b6
15. f4 c5 16. Nxe6 fxe6 17. f5 e5 18. Rxe5 c4 19. Bf1 Nc6 20. Re3 Nd4 21. g4 Rhe8
22. Bg2 Rxe3 23. dxe3 Ne2+ 24. Kh1 Nc3 25. Rf1 Nxg4 26. Nxc4 Re8 27. h3 Nf6 28. Nd2
Rxe3 29. Bf3 Nce4 30. Nxe4 dxe4 31. Bg2 Re2 32. Rc1 Nh5 33. Rd1+ Ke7 34. a4 Ng3+
35. Kg1 Nxf5 36. Bf1 Rxc2 37. Bb5 Nd6 38. Bf1 Ra2 39. Rd4 e3 40. Bd3 Rd2 41. Kf1
Ke6 42. Bc4+ Nxc4 43. Rxc4 Kd5 44. Rc7 Ke4 45. Rxa7 Kd3 46. Ke1 Rg2 47. Rd7+ Kc4
48. Rd6 Kc5 49. Re6 e2 50. Re5+ Kc6 51. Re4 h5 52. Re6+ Kb7 53. Re5 g5 54. h4 gxh4
55. Rxh5 Rh2 56. a5 bxa5 57. Rxa5 Kc6 58. Re5 h3 59. Rh5 Kd6 60. Rh8 Ke5 61. Re8+
Kf4 62. Rf8+ Kg3 63. Rg8+ Kf3 64. Rf8+ Kg2 65. Rg8+  1/2-1/2

[Event "Polofinale MCR junioru 2024"]
[Site "Hotel Fit Fun, Ryžovište 427, 512 46 Harrachov v Krkonoších"]
[Date "2024.11.09"]
[Round "1"]
[Board "16"]
[White "Vyslyšel, Petr"]
[Black "Šimunek, Jakub Šimon"]
[Result "1-0"]
[WhiteElo "1875"]
[BlackElo "2125"]
[PlyCount "0"]
[EventDate "2024.11.09"]
[EventRounds "9"]
[EventCountry "CZE"]

1. d4 d5 2. c4 c6 3. Nc3 Nf6 4. Nf3 e6 5. e3 Nbd7 6. Qc2 Bd6 7. Bd3 dxc4 8. Bxc4
b5 9. Bd3 Bb7 10. Bd2 a6 11. Ne4 Nxe4 12. Bxe4 Rc8 13. b4 Qe7 14. Rb1 e5 15. O-O
h6 16. Bf5 Rc7 17. Bxd7+ Rxd7 18. dxe5 Bxe5 19. Nxe5 Qxe5 20. Bc3 Qg5 21. f4 Qe7
22. Bd4 Qe6 23. Bc5 f5 24. Rbd1 Rd5 25. Rxd5 cxd5 26. Bd4 Kd7 27. Bxg7 Rc8 28. Qd3
Rc4 29. a3 Qe4 30. Qxe4 dxe4 31. Bxh6 Rc3 32. Re1 Rxa3 33. Bf8 Ke6 34. Bc5 Rc3 35.
Rd1 Bd5 36. Ra1 Bb7 37. h3 Rc2 38. g4 Rd2 39. Rc1 Bd5 40. Bd4 Bc4 41. Ra1 Ba2 42.
Kh1 Rc2 43. Rg1 Rc4 44. gxf5+ Kxf5 45. Rg5+ Ke6 46. Re5+ Kf7 47. Rf5+ Kg8 48. Rg5+
Kf7 49. h4 Rc6 50. h5 Bb1 51. Kg2 Bd3 52. Kg3 a5 53. bxa5 b4 54. Rg7+ Kf8 55. Rb7
Kg8 56. Rxb4 Rh6 57. Rb6 Rxb6 58. axb6 Ba6 59. f5 Bb7 60. Kf4  1-0

[Event "Polofinale MCR junioru 2024"]
[Site "Hotel Fit Fun, Ryžovište 427, 512 46 Harrachov v Krkonoších"]
[Date "2024.11.09"]
[Round "1"]
[Board "17"]
[White "Bohácek, Jan Andrej"]
[Black "Sadil, Antonín"]
[Result "1/2-1/2"]
[WhiteElo "2118"]
[BlackElo "1873"]
[PlyCount "0"]
[EventDate "2024.11.09"]
[EventRounds "9"]
[EventCountry "CZE"]

1. e4 c5 2. Nf3 d6 3. Bb5+ Bd7 4. c4 e5 5. Bxd7+ Qxd7 6. Nc3 Nf6 7. d3 Be7 8. O-O
O-O 9. a3 Nc6 10. Rb1 a6 11. b4 cxb4 12. axb4 b5 13. Nd5 Rfb8 14. Be3 Bd8 15. Bg5
Nxd5 16. cxd5 Ne7 17. Ra1 a5 18. bxa5 Bxa5 19. Qb3 Ng6 20. Ra2 Bd8 21. Rxa8 Rxa8
22. Be3 Rb8 23. Ra1 Nh4 24. Ne1 f5 25. f3 Bb6 26. Bxb6 Rxb6 27. g3 Ng6 28. Ra8+ Nf8
29. Nc2 fxe4 30. fxe4 Qc7 31. Kg2 Rb7 32. Ra6 Rb6 33. Ra8 Rb7 34. Ra6 Rb6 35. Ra2
Rb7 36. Nb4 Ra7 37. Rf2 Qc1 38. Nc6 Rf7 39. Rxf7 Kxf7 40. Qa2 Qe3 41. Qf2+ Qxf2+
42. Kxf2 Nd7 43. Ke3 Kf6 44. d4 exd4+ 45. Kxd4 h5 46. Nb4 Ne5 47. h3 g5 48. Nc6 Nd7
49. Kc3 Nc5 50. Kd4 Nd7 51. Na5 Ne5 52. Nb3 h4 53. gxh4 gxh4 54. Ke3 Kg5 55. Nd4
Nc4+ 56. Kd3 Ne5+ 57. Ke3 Nc4+ 58. Kd3  1/2-1/2

[Event "Polofinale MCR junioru 2024"]
[Site "Hotel Fit Fun, Ryžovište 427, 512 46 Harrachov v Krkonoších"]
[Date "2024.11.09"]
[Round "1"]
[Board "18"]
[White "Dvorák, Jan"]
[Black "Lang, Šimon"]
[Result "0-1"]
[WhiteElo "1873"]
[BlackElo "2114"]
[PlyCount "0"]
[EventDate "2024.11.09"]
[EventRounds "9"]
[EventCountry "CZE"]

1. e4 c5 2. Nf3 d6 3. d4 cxd4 4. Nxd4 Nf6 5. Nc3 a6 6. Be2 e5 7. Nb3 Be7 8. O-O O-O
9. Be3 Be6 10. f3 Nc6 11. Qd2 Rc8 12. Nd5 Bxd5 13. exd5 Nb8 14. c4 Nfd7 15. a4 Nc5
16. Nxc5 dxc5 17. Rfd1 Bd6 18. Bd3 f5 19. Rac1 a5 20. Qc2 g6 21. Re1 Qh4 22. Bf2
Qf6 23. Qc3 b6 24. Bg3 Nd7 25. Rc2 g5 26. Rce2 Rce8 27. f4 gxf4 28. Bxf4 e4 29. Bxd6
Qxd6 30. Re3 Qe5 31. Qd2 Qd4 32. Kh1 Ne5 33. Rg3+ Kh8  0-1

[Event "Polofinale MCR junioru 2024"]
[Site "Hotel Fit Fun, Ryžovište 427, 512 46 Harrachov v Krkonoších"]
[Date "2024.11.09"]
[Round "1"]
[Board "19"]
[White "Tesar, Jakub"]
[Black "Pejrimovský, Tadeáš Rubel"]
[Result "1-0"]
[WhiteElo "2097"]
[BlackElo "1867"]
[PlyCount "0"]
[EventDate "2024.11.09"]
[EventRounds "9"]
[EventCountry "CZE"]

1. d4 Nf6 2. c4 g6 3. Nf3 Bg7 4. g3 d6 5. Bg2 O-O 6. Nc3 c6 7. e4 Nbd7 8. O-O e5
9. h3 a5 10. Re1 Qc7 11. Qc2 h6 12. b3 Ne8 13. d5 Nc5 14. dxc6 bxc6 15. g4 Ne6 16.
Ba3 Nf4 17. c5 h5 18. cxd6 Nxd6 19. Rad1 Rd8 20. Bxd6 Rxd6 21. Nb5 Qb6 22. Nxd6 Nxg2
23. Nxc8 Rxc8 24. Kxg2 hxg4 25. hxg4  1-0

[Event "Polofinale MCR junioru 2024"]
[Site "Hotel Fit Fun, Ryžovište 427, 512 46 Harrachov v Krkonoších"]
[Date "2024.11.09"]
[Round "1"]
[Board "20"]
[White "Svoboda, Daniel"]
[Black "Kubiczek, Michal"]
[Result "0-1"]
[WhiteElo "1865"]
[BlackElo "2093"]
[PlyCount "0"]
[EventDate "2024.11.09"]
[EventRounds "9"]
[EventCountry "CZE"]

1. e4 c6 2. d4 d5 3. exd5 cxd5 4. c4 Nf6 5. Nc3 Nc6 6. Nf3 g6 7. Bg5 Be6 8. Bxf6
exf6 9. Qb3 Bb4 10. a3 Bxc3+ 11. Qxc3 O-O 12. c5 Re8 13. Be2 Bg4 14. Kf1 Re4 15.
Rd1 Qe7 16. h3 Rxe2 17. hxg4 Re8 18. Qc1 g5 19. Rh5 Qe4 20. Nxg5 Qxg4  0-1

[Event "Polofinale MCR junioru 2024"]
[Site "Hotel Fit Fun, Ryžovište 427, 512 46 Harrachov v Krkonoších"]
[Date "2024.11.09"]
[Round "1"]
[Board "21"]
[White "Pavliš, Matej"]
[Black "Martinkovic, Adam"]
[Result "0-1"]
[WhiteElo "2091"]
[BlackElo "1859"]
[PlyCount "0"]
[EventDate "2024.11.09"]
[EventRounds "9"]
[EventCountry "CZE"]

1. d4 d5 2. c4 c6 3. Nc3 Nf6 4. Nf3 e6 5. g3 Be7 6. Bg2 O-O 7. O-O b6 8. Nd2 Bb7
9. e4 dxc4 10. e5 Nd5 11. a4 c5 12. Nxc4 Nxc3 13. bxc3 Bxg2 14. Kxg2 Nc6 15. dxc5
Bxc5 16. Qe2 Qe7 17. Re1 Rfd8 18. Qg4 Qc7 19. Bg5 Be7 20. Bf6 g6 21. Qh4 Rd3 22.
Re4 Bf8 23. Ne3 Ne7 24. Bxe7 Qxe7 25. Qf4 Rxc3 26. Ng4 Bg7 27. h4 h5 28. Nf6+ Bxf6
29. exf6 Qf8 30. g4 Rc5 31. Rae1 Rac8 32. R1e3 Kh7 33. Re5 Qh6 34. Rg5 hxg4 35. Qxg4
Rf5 36. Rg3 Rcc5 37. f4 Rxg5 38. hxg5 Rc2+ 39. Kf3 Qh1+ 40. Ke3 Qe1+ 41. Kd3 Qd2+
 0-1

[Event "Polofinale MCR junioru 2024"]
[Site "Hotel Fit Fun, Ryžovište 427, 512 46 Harrachov v Krkonoších"]
[Date "2024.11.09"]
[Round "1"]
[Board "22"]
[White "Urbanský, Štepán"]
[Black "Stocek, Martin"]
[Result "0-1"]
[WhiteElo "1859"]
[BlackElo "2082"]
[PlyCount "0"]
[EventDate "2024.11.09"]
[EventRounds "9"]
[EventCountry "CZE"]

1. e4 c6 2. d4 d5 3. e5 Bf5 4. h4 h5 5. Bd3 Bxd3 6. Qxd3 e6 7. Nf3 Qa5+ 8. Nbd2 Qa6
9. c4 Nh6 10. O-O Be7 11. b3 Nf5 12. a4 O-O 13. Ba3 Bxa3 14. Rxa3 Rd8 15. b4 Qb6
16. c5 Qc7 17. b5 Qe7 18. Ng5 b6 19. Rc3 bxc5 20. Rxc5 cxb5 21. axb5 Nd7 22. Rc6
Qb4 23. Ngf3 Nb6 24. Rb1 Qe7 25. Ng5 Rd7 26. Nb3 Nc4 27. Nc5 Rc7 28. Ra6 Nxe5 29.
dxe5 Qxc5 30. b6 Rb7 31. g3 g6 32. Kg2 Rc8 33. Rb5 Qe7 34. bxa7 Rxa7 35. Rxa7 Qxa7
36. Qb1 Rc7 37. Rb8+ Kg7 38. Qb4 Re7 39. f3 Qa2+ 40. Qb2 Qxb2+ 41. Rxb2 Ne3+ 42.
Kh3 Nc4 43. Re2 Rd7 44. g4 hxg4+ 45. fxg4 d4 46. Nf3 d3 47. Re1 d2 48. Rd1 Rd3 49.
Kg3 Nxe5  0-1